000 00939nam a2200217Ia 4500
008 130821s1996 ve gr spa
020 _a980276292X
040 _aCo-BoUCM
_bspa
041 0 0 _aspa
245 0 0 _aLectura crítica de la literatura Americana
_cEdición Saúl Sosnowski
260 _aCaracas (Venezuela)
_bBiblioteca Ayacucho
_c1996
300 _a4 volúmenes
490 _aBiblioteca Ayacucho ; 193-196
505 _aContenido : v. 1 : Inventarios, inversiones y revisiones. -- v. 2 : La formación de las culturas nacionales. -- v. 3 : Vanguardias y tomas de posesión. -- Actualidades fundamentales. -- Incluye bibliografía, e índice
650 0 4 _aHistoria y crítica
_97696
650 0 4 _aLiteratura latinoamericana
_918700
650 0 4 _aLiteratura latinoamericana
_xHistoria y crítica
_918700
700 _aSosnowski, Saúl.
_eEd
942 _cLIBRO
_a18
_e1
_mL32
_2DEWEY
_h860
999 _c24319
_d24319